000 00632nam a2200241Ia 4500
001 9182
005 20240113234153.0
007 ta
008 050723s1968 a g b000 u eng u
040 _aCotton College Assam
041 _aeng
082 _a821.5309
_bOn 2 C
100 _aO`neill, Judith .
245 0 _aCritics on Pope /
_cJudith O`neill.
_hTextual Documents
250 _a1st ed /
260 _aLondon :
_bGeorge Allen and Unwin Ltd ,
_c1968.
300 _a120p. :
_bill. ;
_c22cm. .
504 _aBib.
653 _aEnglish-Poem-Criticism
942 _2ddc
_cBK
999 _c9169
_d9169